Vectors
Saved in:
| Main Author: | |
|---|---|
| Other Authors: | |
| Format: | Book |
| Language: | English |
| Published: |
New York :
R. Krieger,
1975
|
| Subjects: |
| LEADER | 00576nam#a2200205#a#4500 | ||
|---|---|---|---|
| 001 | 000807 | ||
| 005 | 20160721141753.0 | ||
| 008 | 950607s1975####xxu#################eng#d | ||
| 020 | |a 0882752901 | ||
| 040 | |a AR-BeUNQ | ||
| 099 | |a 20-B4 | ||
| 100 | 1 | |a Barnett, Raymond A | |
| 245 | 0 | 2 | |a Vectors |c Raymond A. Barnett, John N. Fuji. |
| 260 | |a New York : |b R. Krieger, |c 1975 | ||
| 300 | |a 132 p | ||
| 650 | 7 | |a ALGEBRA VECTORIAL |2 spines | |
| 700 | 1 | |a Fuji, John N | |
| 929 | |a COMPRA |b Sub. de Coord. Universitaria |d 4,00E |e 19950607 |g Exp. 0342/95 |j 10595 | ||
| 942 | |c LIB |n 0 | ||
| 999 | |c 3609 |d 78996 | ||